Polítiques de suport a les famílies : una proposta des del món local / [informació generada per la Diputació de Barcelona, amb l'assessorament de Cristina Brullet] una proposta des del món local / [informació generada per la Diputació de Barcelona, amb l'assessorament de Cristina Brullet]
Descripción Física:
60 p. : tables ; 30 cm + 1 CD-ROM
Otros Autores:
Brullet, Cristina
MARC
| LEADER | 00000nam a2200000Ia 4500 | ||
|---|---|---|---|
| 001 | 15828 | ||
| 008 | 160829s2003 xx 000 0 cat d | ||
| 080 | |a C-2-321 | ||
| 245 | |a Polítiques de suport a les famílies : |b una proposta des del món local / [informació generada per la Diputació de Barcelona, amb l'assessorament de Cristina Brullet] | ||
| 260 | |a [Barcelona] : |b Diputació de Barcelona, Institut d'Edicions, |c 2003 | ||
| 300 | |a 60 p. : |b tables ; |c 30 cm + 1 CD-ROM | ||
| 590 | |a A la part superior de la coberta: Diputació de Barcelona, Xarxa de municipis | ||
| 650 | |a Administració local |x Barcelona (Província) |x Aspectes socials |9 32935 | ||
| 651 | 0 | |a Barcelona (Catalunya : Província) |x Política familiar |9 54070 | |
| 700 | |a Brullet, Cristina |9 32937 | ||
| 710 | 1 | |a Barcelona (Catalunya : Província). |b Diputació |9 52408 | |
| 901 | |a Arxiu | ||
| 942 | |n 1 | ||
| 952 | |0 0 |1 0 |4 0 |6 C2321 |7 1 |9 47815 |a Arxiu |b Arxiu |d 2016-12-01 |l 0 |o C-2-321 |p 15828 |r 2016-12-01 00:00:00 |w 2016-12-01 |y ARXIU | ||
| 999 | |c 51614 |d 51614 | ||